000 00474nam a22001457a 4500
008 240220b |||||||| |||| 00| 0 eng d
020 _a9789583064982
082 _a567.91
_bC17d
100 _aCardozo Tovar, Cesar Alberto
_eautor
_943483
245 _aDinosaurios:
_bLos últimos gigantes /
_cCesar Alberto Cardozo Tovar
250 _aSegunda edición
260 _aBogotá:
_bPanamericana,
_c2022
300 _a88 páginas:
_bIlustraciones a color,
_c24 cm.
942 _2ddc
999 _c30685
_d17069